<?xml version="1.0" encoding="UTF-8"?>
<record
    xmlns:xsi="http://www.w3.org/2001/XMLSchema-instance"
    xsi:schemaLocation="http://www.loc.gov/MARC21/slim http://www.loc.gov/standards/marcxml/schema/MARC21slim.xsd"
    xmlns="http://www.loc.gov/MARC21/slim">

  <leader>01294nam a2200313 i 4500</leader>
  <controlfield tag="003">DO-SdBNP</controlfield>
  <controlfield tag="005">20240318115811.0</controlfield>
  <controlfield tag="007">ta</controlfield>
  <controlfield tag="008">240318s2023    dr ao         001 0dspa d</controlfield>
  <datafield tag="020" ind1=" " ind2=" ">
    <subfield code="a">9789945615777</subfield>
  </datafield>
  <datafield tag="040" ind1=" " ind2=" ">
    <subfield code="a">DO-SdBNP</subfield>
    <subfield code="b">spa</subfield>
    <subfield code="c">BNPHU</subfield>
    <subfield code="e">rda</subfield>
  </datafield>
  <datafield tag="082" ind1=" " ind2="4">
    <subfield code="b">S228</subfield>
    <subfield code="2">22</subfield>
  </datafield>
  <datafield tag="100" ind1=" " ind2=" ">
    <subfield code="a">San&#xF3; Testamarck, Tzuzzy Tahyling</subfield>
    <subfield code="9">62270</subfield>
  </datafield>
  <datafield tag="245" ind1="1" ind2="0">
    <subfield code="a">gu&#xED;a de concientizaci&#xF3;n :</subfield>
    <subfield code="b">cuidado infinito /</subfield>
    <subfield code="c">Tzuzzy Tahyling San&#xF3; Testamarck, Dania Margarita Carmona De Le&#xF3;n, Nataly Evangelista Rodr&#xED;guez Zapata, Elizabeth Estrella Mu&#xF1;oz, Yesenia Caraballo Del Rosario </subfield>
  </datafield>
  <datafield tag="264" ind1=" " ind2=" ">
    <subfield code="a">Santo Domingo :</subfield>
    <subfield code="b">Fe y Alegr&#xED;a,</subfield>
    <subfield code="b">Cuidado Infinito,</subfield>
    <subfield code="c">2023.</subfield>
  </datafield>
  <datafield tag="300" ind1=" " ind2=" ">
    <subfield code="a">80 p&#xE1;ginas</subfield>
    <subfield code="b">ilustraciones, fotograf&#xED;as </subfield>
    <subfield code="c">28 cm.</subfield>
  </datafield>
  <datafield tag="336" ind1=" " ind2=" ">
    <subfield code="2">rdacontent</subfield>
    <subfield code="a">texto</subfield>
    <subfield code="b">txt</subfield>
  </datafield>
  <datafield tag="337" ind1=" " ind2=" ">
    <subfield code="2">rdamedia</subfield>
    <subfield code="a">sin mediaci&#xF3;n</subfield>
    <subfield code="b">n</subfield>
  </datafield>
  <datafield tag="338" ind1=" " ind2=" ">
    <subfield code="2">rdacarrier</subfield>
    <subfield code="a">volumen</subfield>
    <subfield code="b">nc</subfield>
  </datafield>
  <datafield tag="500" ind1=" " ind2=" ">
    <subfield code="a">Campa&#xF1;a Cuidado Infinito. Educar sin l&#xED;mites en una cultura de paz. </subfield>
  </datafield>
  <datafield tag="504" ind1=" " ind2=" ">
    <subfield code="a">Bibliograf&#xED;a p: 77-78</subfield>
  </datafield>
  <datafield tag="590" ind1=" " ind2=" ">
    <subfield code="a">Inventariado, 2024/ YL</subfield>
  </datafield>
  <datafield tag="700" ind1="1" ind2=" ">
    <subfield code="a">Carmona De Le&#xF3;n, Dania Margarita </subfield>
    <subfield code="e">autora</subfield>
    <subfield code="9">18786</subfield>
  </datafield>
  <datafield tag="700" ind1="1" ind2=" ">
    <subfield code="a"> Rodr&#xED;guez Zapata, Nataly Evangelista</subfield>
    <subfield code="e">autora</subfield>
    <subfield code="9">85058</subfield>
  </datafield>
  <datafield tag="700" ind1="1" ind2=" ">
    <subfield code="a">Estrella Mu&#xF1;oz, Elizabeth </subfield>
    <subfield code="e">autora</subfield>
    <subfield code="9">85059</subfield>
  </datafield>
  <datafield tag="700" ind1="1" ind2=" ">
    <subfield code="a">Caraballo Del Rosario, Yesenia </subfield>
    <subfield code="e">autora</subfield>
    <subfield code="9">85060</subfield>
  </datafield>
  <datafield tag="910" ind1=" " ind2=" ">
    <subfield code="a">YLockward</subfield>
  </datafield>
  <datafield tag="942" ind1=" " ind2=" ">
    <subfield code="2">ddc</subfield>
    <subfield code="c">LBS1</subfield>
  </datafield>
  <datafield tag="952" ind1=" " ind2=" ">
    <subfield code="0">0</subfield>
    <subfield code="1">0</subfield>
    <subfield code="2">ddc</subfield>
    <subfield code="5">1</subfield>
    <subfield code="7">0</subfield>
    <subfield code="8">PD</subfield>
    <subfield code="a">BNPHU</subfield>
    <subfield code="b">BNPHU</subfield>
    <subfield code="c">CT</subfield>
    <subfield code="d">2023-12-01</subfield>
    <subfield code="e">Deposito Legal</subfield>
    <subfield code="l">0</subfield>
    <subfield code="o">BNPHU PD S228</subfield>
    <subfield code="p">2024-1552</subfield>
    <subfield code="r">2024-03-18</subfield>
    <subfield code="w">2024-03-18</subfield>
    <subfield code="y">LBS1</subfield>
  </datafield>
  <datafield tag="952" ind1=" " ind2=" ">
    <subfield code="0">0</subfield>
    <subfield code="1">0</subfield>
    <subfield code="2">ddc</subfield>
    <subfield code="5">1</subfield>
    <subfield code="7">0</subfield>
    <subfield code="8">PD</subfield>
    <subfield code="a">BNPHU</subfield>
    <subfield code="b">BNPHU</subfield>
    <subfield code="c">CT</subfield>
    <subfield code="d">2023-12-01</subfield>
    <subfield code="e">Deposito Legal</subfield>
    <subfield code="l">0</subfield>
    <subfield code="o">BNPHU PD S228</subfield>
    <subfield code="p">2024-1553</subfield>
    <subfield code="r">2024-03-18</subfield>
    <subfield code="t">e. 2</subfield>
    <subfield code="w">2024-03-18</subfield>
    <subfield code="y">LBS1</subfield>
  </datafield>
  <datafield tag="952" ind1=" " ind2=" ">
    <subfield code="0">0</subfield>
    <subfield code="1">0</subfield>
    <subfield code="2">ddc</subfield>
    <subfield code="5">6</subfield>
    <subfield code="7">0</subfield>
    <subfield code="8">DS</subfield>
    <subfield code="a">BNPHU</subfield>
    <subfield code="b">BNPHU</subfield>
    <subfield code="c">CT</subfield>
    <subfield code="d">2023-12-01</subfield>
    <subfield code="e">Deposito Legal</subfield>
    <subfield code="l">0</subfield>
    <subfield code="o">BNPHU DS S228</subfield>
    <subfield code="p">2024-1554</subfield>
    <subfield code="r">2024-03-18</subfield>
    <subfield code="t">e. 3</subfield>
    <subfield code="w">2024-03-18</subfield>
    <subfield code="y">LBS1</subfield>
  </datafield>
  <datafield tag="999" ind1=" " ind2=" ">
    <subfield code="c">56138</subfield>
    <subfield code="d">56138</subfield>
  </datafield>
</record>
